Loading...
| Fine Arts - Classical Music | 3 | 10.00 | 67% | 33% | 0% |
| Fine Arts - Other Fine Arts | 4 | 10.00 | 75% | 25% | 0% |
| Fine Arts - Visual Fine Arts | 2 | 5.00 | 50% | 0% | 0% |
| Geography/Current Events | 1 | 10.00 | 100% | 0% | 0% |
| History - American History | 6 | 11.67 | 67% | 50% | 0% |
| History - European History | 5 | 10.00 | 60% | 40% | 0% |
| History - Other History | 5 | 10.00 | 100% | 0% | 0% |
| History - World History | 3 | 13.33 | 100% | 33% | 0% |
| Literature - British Literature | 2 | 5.00 | 50% | 0% | 0% |
| Literature - European Literature | 3 | 10.00 | 67% | 0% | 33% |
| Literature - World/Other Literature | 4 | 7.50 | 50% | 25% | 0% |
| Mythology | 4 | 17.50 | 100% | 50% | 25% |
| Other Academic | 2 | 10.00 | 50% | 0% | 50% |
| Philosophy | 2 | 10.00 | 100% | 0% | 0% |
| Pop Culture | 2 | 15.00 | 50% | 50% | 50% |
| Religion | 2 | 15.00 | 100% | 50% | 0% |
| Science - Biology | 3 | 10.00 | 100% | 0% | 0% |
| Science - Chemistry | 2 | 10.00 | 50% | 50% | 0% |
| Science - Other Science | 4 | 12.50 | 100% | 25% | 0% |
| Science - Physics | 3 | 10.00 | 100% | 0% | 0% |
| Social Science | 1 | 10.00 | 100% | 0% | 0% |